| 000 | 01524nam a2200241 4500 | ||
|---|---|---|---|
| 008 | 171204b xxu||||| |||| 00| 0 eng d | ||
| 020 | _a0323025862 | ||
| 082 |
_22005 _aDC 610.73 _bP85f |
||
| 100 |
_923986 _aPotter, Patricia A., author. |
||
| 245 |
_aFundamentals of nursing / _cPatricia A. Potter, Anne Griffin Perry. |
||
| 250 | _a6th edition. | ||
| 260 |
_aSt. Louis, Mo. : _bMosby, _c©2005. |
||
| 300 |
_axliii, 1,728 pages : _bcolor illustrations ; _c29 cm + _e 1 computer disc (4 3/4 in.) |
||
| 500 | _aIncludes bibliographical references and index. | ||
| 505 | _aThe client and the health care environment -- Caring throughout the life span -- Critical thinking in nursing practice -- Professional standards in nursing practice -- Psychosocial basis for nursing practice -- Scientific basis for nursing practice -- Basic human needs -- Clients with special needs. | ||
| 520 | _aThis textbook is designed for beginning students in all types of professional nursing programs. The comprehensive coverage provides fundamental nursing concepts, skills, and techniques of nursing practice and a firm foundation for more advanced areas of study. [It] provides a contemporary approach to nursing practice, discussing the entire scope of primary, acute, and restorative care.-Pref. to the Instructor. | ||
| 650 | 0 |
_923984 _aNursing |
|
| 650 | 0 |
_923985 _aNursing Care |
|
| 650 | 0 |
_923987 _aNursing Process |
|
| 650 | 0 |
_923988 _aNurse and patient |
|
| 700 |
_923989 _aPerry, Anne Griffin, author. |
||
| 942 |
_2ddc _cDC |
||
| 999 |
_c7872 _d7872 |
||